000 00925nam a2200253Ia 4500
003 OSt
005 20220923223323.0
006 a|||||r|||| 00| 0
007 ta
008 220922b |||||||| |||| 00| 0 hin d
024 _a213,430
037 _cTextual
040 _aARTS
_cARTS
_bhin
041 _2hin
_ahin
082 _aO152,3N292:g, M2
100 _aनीरव, सुरेश, संपा.
_9156315
245 0 _aराजेन्द्र अवस्थी
_b इक्कीसवीं सदी की दृष्टि
246 _aRājendra avasthī: ikkīsavīan sadī kī dṛuṣhṭi
260 _aदिल्ली
_b प्रमोद कुमार
_c1982
300 _a127पृ.
_ccm.
650 _aहिन्दी साहित्य
_9156264
942 _hO152,3N292:g, M2
_cTEXL
_2CC
999 _c363682
_d363682